El fruto / (Record no. 25431)

MARC details
000 -LEADER
campo de control de longitud fija 00439nam a2200157 i 4500
001 - NÚMERO DE CONTROL
campo de control 25431
003 - IDENTIFICADOR DE NÚMERO DE CONTROL
campo de control ES-MaACL
005 - FECHA Y HORA DE LA ÚLTIMA TRANSACCIÓN
campo de control 20230906153250.0
007 - CAMPO FIJO DE DESCRIPCIÓN FÍSICA--INFORMACIÓN GENERAL
campo de control de longitud fija t|
008 - DATOS DE LONGITUD FIJA--INFORMACIÓN GENERAL
campo de control de longitud fija 021226s1961 sp ||||1| spa d
100 1# - ENTRADA PRINCIPAL--NOMBRE DE PERSONA
Nombre de persona Argumosa, Miguel Angel de.
9 (RLIN) 22735
245 13 - MENCIÓN DEL TÍTULO
Título El fruto /
Mención de responsabilidad, etc. Miguel Angel de Argumosa.
260 ## - PUBLICACIÓN, DISTRIBUCIÓN, ETC.
Lugar de publicación, distribución, etc. Madrid :
Nombre del editor, distribuidor, etc. [s.n.,
Fecha de publicación, distribución, etc. 1961] (
Fabricante Indus. Gráf. Iruma)
300 ## - DESCRIPCIÓN FÍSICA
Extensión 55 p. ;
Dimensiones 14 cm.
852 ## - LOCALIZACIÓN
Ubicación ES-MaACL
Número de control de estantería C-20880
Sublocalización o colección R.48159
Holdings
Estatus retirado Estado de pérdida Estado de daño No para préstamo Biblioteca de origen Biblioteca actual Ubicación en estantería Fecha de adquisición Fuente de adquisición Total de préstamos Signatura topográfica completa Código de barras Visto por última vez Precio de reemplazo Tipo de ítem Koha
        Biblioteca del Ateneo de Madrid Biblioteca del Ateneo de Madrid Galería 17/01/2008     C-20880 1026220 23/02/2023 23/02/2023 Libro impreso